| Поле | Инд. | ПП | Название | Значение |
|---|---|---|---|---|
| Тип записи | a | |||
| Библиографический уровень | a | |||
| 001 | Контрольный номер | 21d53d4459fd4b4089c01d08aa52b1b6 | ||
| 005 | Дата корректировки | 20151208112056.4 | ||
| 020 | a | ISBN | 978-5-903927-23-4 | |
| 040 | a | Служба первич. каталог. | НБ ТвГУ | |
| b | Код языка каталог. | rus | ||
| e | Правила каталог. | PSBO | ||
| 041 | 0_ | a | Код языка текста | rus |
| 097 | b | Оператор | batjaeva_g | |
| 100 | 1_ | a | Автор | Стрежнева Марина Вадимовна |
| q | Полное имя | Стрежнева М. В. | ||
| 245 | 10 | a | Заглавие | Европейская социальная модель и перспективы социальной политики Европейского Союза |
| 260 | a | Место издания | Москва | |
| b | Издательство | Идея-Пресс | ||
| 504 | a | Библиография | Библиогр. в подстроч. примеч. | |
| 520 | 0_ | a | Аннотация | В данной статье оценивается состояние социальной политики ЕС в посткризисный период, который ставит под удар Европейскую социальную модель как сочетание социального государства и определенной системы отношений в сфере занятости. |
| 653 | 0_ | a | Ключевые слова | Социальная политика |
| a | Ключевые слова | Европейский союз | ||
| a | Ключевые слова | Европейская социальная модель | ||
| a | Ключевые слова | Европа-2020, стратегия | ||
| a | Ключевые слова | Социальные инвестиции | ||
| 773 | 18 | w | Контрольный № источника | b4af36c863064c599b575333bbb4ae52 |
| t | Название источника | Год планеты: экономика, политика, безопасность | ||
| d | Место и дата издания | Москва : Идея-Пресс, 2014 | ||
| g | Прочая информация | Вып. 2014 г. - С. 35-50 | ||
| 901 | t | Тип документа | a | |
| 920 | a | Оператор | Батя |